Průmyslový design Odborný časopis pro celostátní rozvoj průmyslového designu

Enregistré dans:
Détails bibliographiques
Format: Publication en série
Langue:tchèque
Publié: Praha Stát. nakl. techn. lit. 1990
Sujets:
Tags: Ajouter un tag
Pas de tags, Soyez le premier à ajouter un tag!

MARC

LEADER 00000nas2a2200000 4500
001 s006454
005 20180117152311.4
041 0 |a cze 
044 |a CZ 
245 1 0 |a Průmyslový design  |b Odborný časopis pro celostátní rozvoj průmyslového designu 
264 1 |a Praha  |b Stát. nakl. techn. lit.  |c 1990 
300 |a 1 zv. 
773 0 |w eu_un_cat*s120576 
610 2 0 |a dizajn